UBT Library

CLASSIC CASIS IN MEDICAL ETHICS (Record no. 3768)

000 -LEADER
fixed length control field 00264nam a22001097a 4500
008 - FIXED-LENGTH DATA ELEMENTS--GENERAL INFORMATION
fixed length control field 170126b xxu||||| |||| 00| 0 eng d
020 ## - INTERNATIONAL STANDARD BOOK NUMBER
International Standard Book Number 9780073039862
041 ## - LANGUAGE CODE
Language code of text/sound track or separate title eng
080 ## - UNIVERSAL DECIMAL CLASSIFICATION NUMBER
Edition identifier 3RD
Universal Decimal Classification number 61
245 ## - TITLE STATEMENT
Title CLASSIC CASIS IN MEDICAL ETHICS
Statement of responsibility, etc PENCE, G.E
942 ## - ADDED ENTRY ELEMENTS (KOHA)
Source of classification or shelving scheme
Item type Books
Holdings
Withdrawn status Lost status Source of classification or shelving scheme Damaged status Not for loan Collection code Permanent location Current location Shelving location Date acquired Total Checkouts Full call number Barcode Date last seen Price effective from Koha item type
          Koleksioni i përgjithshem UBT - Lipjan UBT - Lipjan Koleksioni i përgjithshem 01/26/2017   61 PEN 002-030476 01/26/2017 01/26/2017 Books
UBT Library © 2015-2024. All rights reserved University Education for Business and Technology